[Event "414 Stay Safe Play From Home series"]
[Site "Emanuel Lasker Arena"]
[Date "2020.08.27"]
[Round "2"]
[White "Stefanone"]
[Black "Klasman"]
[Result "1-0"]
[WhiteElo "2069"]
[BlackElo "1341"]
[PlyCount "59"]
[EventDate "2020.08.27"]
[EventType "swiss (blitz)"]

1. d4 {[%emt 0:00:01]} f5 {[%emt 0:00:01]} 2. e3 {[%emt 0:00:00]} Nf6 {[%emt 0:00:01]} 3. f4 {[%emt 0:00:00]} e6 {[%emt 0:00:01]} 4. Nf3 {[%emt 0:00:00]} c5 {[%emt 0:00:01]} 5. Bd3 {[%emt 0:00:00]} Qb6 {[%emt 0:00:01]} 6. Qe2 {[%emt 0:00:01]} cxd4 {[%emt 0:00:03]} 7. exd4 {[%emt 0:00:01]} Nc6 {[%emt 0:00:02]} 8. c3 {[%emt 0:00:00]} d5 {[%emt 0:00:02]} 9. O-O {[%emt 0:00:01]} Bd6 {[%emt 0:00:02]} 10. Ne5 {[%emt 0:00:01]} Bxe5 {[%emt 0:00:04]} 11. fxe5 {[%emt 0:00:01]} Ne4 {[%emt 0:00:02]} 12. Bxe4 {[%emt 0:00:01]} dxe4 {[%emt 0:00:01]} 13. Bg5 {[%emt 0:00:01]} O-O {[%emt 0:00:02]} 14. Nd2 {[%emt 0:00:01]} h6 {[%emt 0:00:01]} 15. Be3 {[%emt 0:00:02]} g5 {[%emt 0:00:02]} 16. g3 {[%emt 0:00:01]} Qxb2 {[%emt 0:00:03]} 17. Rab1 {[%emt 0:00:01]} Qxc3 {[%emt 0:00:01]} 18. Rfc1 {[%emt 0:00:01]} Nxd4 {[%emt 0:00:05]} 19. Bxd4 {[%emt 0:00:02]} Qxd4+ {[%emt 0:00:05]} 20. Kg2 {[%emt 0:00:00]} e3 {[%emt 0:00:02]} 21. Nf3 {[%emt 0:00:01]} Qe4 {[%emt 0:00:07]} 22. Re1 {[%emt 0:00:02]} g4 {[%emt 0:00:01]} 23. Rb3 {[%emt 0:00:03]} gxf3+ {[%emt 0:00:02]} 24. Qxf3 {[%emt 0:00:00]} Qxf3+ {[%emt 0:00:01]} 25. Kxf3 {[%emt 0:00:00]} Bd7 {[%emt 0:00:01]} 26. Rbxe3 {[%emt 0:00:01]} Bc6+ {[%emt 0:00:01]} 27. Kf2 {[%emt 0:00:00]} f4 {[%emt 0:00:01]} 28. gxf4 {[%emt 0:00:01]} Rxf4+ {[%emt 0:00:01]} 29. Kg3 {[%emt 0:00:00]} Raf8 {[%emt 0:00:03]} 30. Rc3 {[%emt 0:00:00] Time Time Time (Lag: Av=0.39s, max=0.7s) (Lag: Av=0.39s, max=0.7s) (Lag: Av=0.39s, max=0.7s)} 1-0

[Event "414 Stay Safe Play From Home series"]
[Site "Emanuel Lasker Arena"]
[Date "2020.08.27"]
[Round "2"]
[White "TheCHESSHOUSE"]
[Black "Subkat62"]
[Result "0-1"]
[WhiteElo "2069"]
[BlackElo "2135"]
[Annotator "NA"]
[PlyCount "56"]
[EventDate "2020.08.27"]
[EventType "swiss (blitz)"]

1. d4 {[%emt 0:00:02]} Nf6 {[%emt 0:00:01]} 2. c4 {[%emt 0:00:01]} e6 {[%emt 0:00:01]} 3. Nc3 {[%emt 0:00:05]} Bb4 {[%emt 0:00:01]} 4. Bd2 {[%emt 0:00:01]} O-O {[%emt 0:00:01]} 5. Nf3 {[%emt 0:00:02]} d5 {[%emt 0:00:01]} 6. e3 {[%emt 0:00:01]} b6 {[%emt 0:00:01]} 7. cxd5 {[%emt 0:00:02]} exd5 {[%emt 0:00:01]} 8. g3 {[%emt 0:00:00]} Ne4 {[%emt 0:00:02]} 9. Nxe4 {[%emt 0:00:01]} dxe4 {[%emt 0:00:01]} 10. Bxb4 {[%emt 0:00:01]} exf3 {[%emt 0:00:01]} 11. Bxf8 {[%emt 0:00:01]} Qxf8 {[%emt 0:00:00]} 12. Qxf3 {[%emt 0:00:01]} Qb4+ {[%emt 0:00:02]} 13. Kd1 {[%emt 0:00:04]} c6 {[%emt 0:00:01]} 14. Qe2 {[%emt 0:00:05]} Bf5 {[%emt 0:00:06]} 15. Qd2 {[%emt 0:00:02]} Qd6 {[%emt 0:00:02]} 16. Be2 {[%emt 0:00:01]} Nd7 {[%emt 0:00:01]} 17. Rc1 {[%emt 0:00:02]} Rc8 {[%emt 0:00:01]} 18. Bf3 {[%emt 0:00:03]} h6 {[%emt 0:00:03]} 19. Ke2 {[%emt 0:00:01]} Nf6 {[%emt 0:00:02]} 20. Rhd1 {[%emt 0:00:04]} Ne4 {[%emt 0:00:01]} 21. Qe1 {[%emt 0:00:02]} Qd5 {[%emt 0:00:04]} 22. a3 {[%emt 0:00:02]} Qb5+ {[%emt 0:00:01]} 23. Rd3 {[%emt 0:00:02]} Ng5 {[%emt 0:00:04]} 24. e4 {[%emt 0:00:08]} Nxe4 {[%emt 0:00:03]} 25. Qb4 {[%emt 0:00:03]} Nxg3+ {[%emt 0:00:03]} 26. fxg3 {[%emt 0:00:01]} Qxd3+ {[%emt 0:00:01]} 27. Kf2 {[%emt 0:00:00]} Re8 {[%emt 0:00:02]} 28. Kg2 {[%emt 0:00:00]} Qe3 {[%emt 0:00:01] Time Time Time (Lag: Av=0.65s, max=1.3s) (Lag: Av=0.65s, max=1.3s) (Lag: Av=0.65s, max=1.3s) . . .} 0-1

[Event "414 Stay Safe Play From Home series"]
[Site "Emanuel Lasker Arena"]
[Date "2020.08.27"]
[Round "2"]
[White "Lazieri3"]
[Black "KING o KONG"]
[Result "1-0"]
[WhiteElo "2047"]
[BlackElo "961"]
[PlyCount "63"]
[EventDate "2020.08.27"]
[EventType "swiss (blitz)"]

1. e4 {[%emt 0:00:01]} e6 {[%emt 0:00:01]} 2. Nc3 {[%emt 0:00:00]} d6 {[%emt 0:00:01]} 3. Nf3 {[%emt 0:00:00]} b6 {[%emt 0:00:02]} 4. d4 {[%emt 0:00:00]} Bb7 {[%emt 0:00:01]} 5. Bd3 {[%emt 0:00:02]} Be7 {[%emt 0:00:01]} 6. Be3 {[%emt 0:00:01]} f6 {[%emt 0:00:04]} 7. e5 {[%emt 0:00:02]} g5 {[%emt 0:00:02]} 8. exf6 {[%emt 0:00:01]} Bxf6 {[%emt 0:00:01]} 9. Nxg5 {[%emt 0:00:04]} Nh6 {[%emt 0:00:02]} 10. Qh5+ {[%emt 0:00:01]} Kd7 {[%emt 0:00:04]} 11. Qxh6 {[%emt 0:00:01]} Qe7 {[%emt 0:00:03]} 12. d5 {[%emt 0:00:04]} e5 {[%emt 0:00:02]} 13. Bf5+ {[%emt 0:00:02]} Kd8 {[%emt 0:00:03]} 14. Ne6+ {[%emt 0:00:03]} Ke8 {[%emt 0:00:03]} 15. Qh5+ {[%emt 0:00:01]} Qf7 {[%emt 0:00:05]} 16. Nxc7+ {[%emt 0:00:02]} Ke7 {[%emt 0:00:02]} 17. Qxf7+ {[%emt 0:00:01]} Kxf7 {[%emt 0:00:01]} 18. Nxa8 {[%emt 0:00:00]} Na6 {[%emt 0:00:01]} 19. Nxb6 {[%emt 0:00:03]} Nb4 {[%emt 0:00:01]} 20. Nd7 {[%emt 0:00:03]} Nxc2+ {[%emt 0:00:01]} 21. Bxc2 {[%emt 0:00:00]} Rd8 {[%emt 0:00:03]} 22. Nxf6 {[%emt 0:00:01]} Kxf6 {[%emt 0:00:01]} 23. O-O-O {[%emt 0:00:00]} Rf8 {[%emt 0:00:02]} 24. f3 {[%emt 0:00:01]} Ke7 {[%emt 0:00:01]} 25. Ne4 {[%emt 0:00:01]} Rf7 {[%emt 0:00:01]} 26. Bg5+ {[%emt 0:00:01]} Kd7 {[%emt 0:00:02]} 27. Ba4+ {[%emt 0:00:03]} Kc8 {[%emt 0:00:03]} 28. Kb1 {[%emt 0:00:00]} Kb8 {[%emt 0:00:01]} 29. Nxd6 {[%emt 0:00:01]} Bxd5 {[%emt 0:00:02]} 30. Nxf7 {[%emt 0:00:01]} Kb7 {[%emt 0:00:02]} 31. Rxd5 {[%emt 0:00:01]} Kb6 {[%emt 0:00:01]} 32. Rxe5 {[%emt 0:00:01] TimeB TimeB TimeB} 1-0

[Event "414 Stay Safe Play From Home series"]
[Site "Emanuel Lasker Arena"]
[Date "2020.08.27"]
[Round "3"]
[White "NTBT_DHS"]
[Black "AChessPlayer"]
[Result "1-0"]
[WhiteElo "2524"]
[BlackElo "2317"]
[PlyCount "111"]
[EventDate "2020.08.27"]
[EventType "swiss (blitz)"]

1. e4 {[%emt 0:00:01]} c6 {[%emt 0:00:01]} 2. Nc3 {[%emt 0:00:01]} g6 {[%emt 0:00:00]} 3. Nf3 {[%emt 0:00:00]} Bg7 {[%emt 0:00:00]} 4. Bc4 {[%emt 0:00:01]} e6 {[%emt 0:00:02]} 5. e5 {[%emt 0:00:01]} d5 {[%emt 0:00:01]} 6. exd6 {[%emt 0:00:01]} Qxd6 {[%emt 0:00:00]} 7. O-O {[%emt 0:00:01]} Nd7 {[%emt 0:00:01]} 8. d4 {[%emt 0:00:00]} Nb6 {[%emt 0:00:01]} 9. Bb3 {[%emt 0:00:01]} Nf6 {[%emt 0:00:01]} 10. g3 {[%emt 0:00:01]} O-O {[%emt 0:00:01]} 11. Bf4 {[%emt 0:00:00]} Qd8 {[%emt 0:00:01]} 12. Ne5 {[%emt 0:00:00]} Nbd5 {[%emt 0:00:01]} 13. Nxd5 {[%emt 0:00:01]} exd5 {[%emt 0:00:01]} 14. Qd2 {[%emt 0:00:01]} Bf5 {[%emt 0:00:01]} 15. f3 {[%emt 0:00:01]} Re8 {[%emt 0:00:03]} 16. Rae1 {[%emt 0:00:01]} Qb6 {[%emt 0:00:00]} 17. Kg2 {[%emt 0:00:01]} h5 {[%emt 0:00:01]} 18. h3 {[%emt 0:00:01]} Be6 {[%emt 0:00:01]} 19. g4 {[%emt 0:00:01]} hxg4 {[%emt 0:00:01]} 20. hxg4 {[%emt 0:00:00]} Nd7 {[%emt 0:00:00]} 21. Nxd7 {[%emt 0:00:02]} Bxd7 {[%emt 0:00:01]} 22. c3 {[%emt 0:00:00]} Be6 {[%emt 0:00:02]} 23. Be5 {[%emt 0:00:02]} Qd8 {[%emt 0:00:02]} 24. Bxg7 {[%emt 0:00:01]} Kxg7 {[%emt 0:00:00]} 25. Rh1 {[%emt 0:00:02]} Rh8 {[%emt 0:00:01]} 26. Qf4 {[%emt 0:00:01]} Qf6 {[%emt 0:00:01]} 27. Kg3 {[%emt 0:00:03]} Qxf4+ {[%emt 0:00:01]} 28. Kxf4 {[%emt 0:00:00]} f6 {[%emt 0:00:00]} 29. g5 {[%emt 0:00:01]} Raf8 {[%emt 0:00:01]} 30. Rxh8 {[%emt 0:00:01]} Rxh8 {[%emt 0:00:01]} 31. Rxe6 {[%emt 0:00:01]} Rh4+ {[%emt 0:00:02]} 32. Kg3 {[%emt 0:00:01]} fxg5 {[%emt 0:00:02]} 33. Bc2 {[%emt 0:00:00]} Rh1 {[%emt 0:00:02]} 34. Rxg6+ {[%emt 0:00:01]} Kf7 {[%emt 0:00:00]} 35. Rxg5 {[%emt 0:00:01]} Rg1+ {[%emt 0:00:01]} 36. Kf4 {[%emt 0:00:01]} Rc1 {[%emt 0:00:00]} 37. Bg6+ {[%emt 0:00:02]} Kf6 {[%emt 0:00:02]} 38. Bf5 {[%emt 0:00:00]} Rd1 {[%emt 0:00:00]} 39. Rg6+ {[%emt 0:00:00]} Kf7 {[%emt 0:00:01]} 40. Rh6 {[%emt 0:00:01]} Rd2 {[%emt 0:00:00]} 41. Rh7+ {[%emt 0:00:00]} Kf6 {[%emt 0:00:00]} 42. Rxb7 {[%emt 0:00:00]} a6 {[%emt 0:00:01]} 43. Rb6 {[%emt 0:00:01]} a5 {[%emt 0:00:00]} 44. Rxc6+ {[%emt 0:00:00]} Ke7 {[%emt 0:00:00]} 45. Rb6 {[%emt 0:00:01]} Rf2 {[%emt 0:00:01]} 46. a4 {[%emt 0:00:01]} Rf1 {[%emt 0:00:01]} 47. Bg4 {[%emt 0:00:01]} Ra1 {[%emt 0:00:00]} 48. b3 {[%emt 0:00:01]} Rc1 {[%emt 0:00:01]} 49. Rc6 {[%emt 0:00:01]} Rb1 {[%emt 0:00:00]} 50. Rc5 {[%emt 0:00:00]} Rxb3 {[%emt 0:00:01]} 51. Ke5 {[%emt 0:00:00]} Ra3 {[%emt 0:00:01]} 52. Rc7+ {[%emt 0:00:00]} Kf8 {[%emt 0:00:01]} 53. Kf6 {[%emt 0:00:01]} Kg8 {[%emt 0:00:01]} 54. Rc8+ {[%emt 0:00:01]} Kh7 {[%emt 0:00:01]} 55. Bf5+ {[%emt 0:00:00]} Kh6 {[%emt 0:00:01]} 56. Rh8# {[%emt 0:00:00] (Lag: Av=0.78s, max=1.4s) (Lag: Av=0.78s, max=1.4s) (Lag: Av=0.78s, max=1.4s)} 1-0

[Event "414 Stay Safe Play From Home series"]
[Site "Emanuel Lasker Arena"]
[Date "2020.08.27"]
[Round "3"]
[White "Eidgenosse"]
[Black "Lazieri3"]
[Result "1-0"]
[WhiteElo "2505"]
[BlackElo "2047"]
[PlyCount "87"]
[EventDate "2020.08.27"]
[EventType "swiss (blitz)"]

1. Nf3 {[%emt 0:00:01]} c6 {[%emt 0:00:00]} 2. g3 {[%emt 0:00:00]} d5 {[%emt 0:00:00]} 3. Bg2 {[%emt 0:00:00]} Nf6 {[%emt 0:00:00]} 4. O-O {[%emt 0:00:00]} Bf5 {[%emt 0:00:01]} 5. d3 {[%emt 0:00:00]} Qc8 {[%emt 0:00:00]} 6. Re1 {[%emt 0:00:01]} Bh3 {[%emt 0:00:00]} 7. Bh1 {[%emt 0:00:00]} h5 {[%emt 0:00:00]} 8. Bg5 {[%emt 0:00:01]} Ng4 {[%emt 0:00:02]} 9. e4 {[%emt 0:00:01]} f6 {[%emt 0:00:01]} 10. Bh4 {[%emt 0:00:03]} g5 {[%emt 0:00:01]} 11. Bxg5 {[%emt 0:00:00]} fxg5 {[%emt 0:00:02]} 12. Nxg5 {[%emt 0:00:00]} Nf6 {[%emt 0:00:02]} 13. e5 {[%emt 0:00:04]} Ng8 {[%emt 0:00:01]} 14. e6 {[%emt 0:00:01]} Bg4 {[%emt 0:00:03]} 15. Bf3 {[%emt 0:00:02]} Bxf3 {[%emt 0:00:02]} 16. Qxf3 {[%emt 0:00:01]} Nf6 {[%emt 0:00:00]} 17. Nf7 {[%emt 0:00:02]} Rh7 {[%emt 0:00:04]} 18. c4 {[%emt 0:00:01]} Bh6 {[%emt 0:00:05]} 19. Nc3 {[%emt 0:00:01]} Na6 {[%emt 0:00:02]} 20. cxd5 {[%emt 0:00:02]} cxd5 {[%emt 0:00:01]} 21. Nxd5 {[%emt 0:00:03]} Nxd5 {[%emt 0:00:02]} 22. Qxd5 {[%emt 0:00:00]} Qc6 {[%emt 0:00:01]} 23. Qf5 {[%emt 0:00:02]} Rxf7 {[%emt 0:00:05]} 24. Qxf7+ {[%emt 0:00:03]} Kd8 {[%emt 0:00:00]} 25. Qg8+ {[%emt 0:00:03]} Qe8 {[%emt 0:00:02]} 26. Qh7 {[%emt 0:00:02]} Bd2 {[%emt 0:00:02]} 27. Re2 {[%emt 0:00:01]} Bb4 {[%emt 0:00:01]} 28. Rc1 {[%emt 0:00:01]} Bd6 {[%emt 0:00:01]} 29. d4 {[%emt 0:00:01]} Rc8 {[%emt 0:00:01]} 30. Rec2 {[%emt 0:00:01]} Rxc2 {[%emt 0:00:01]} 31. Rxc2 {[%emt 0:00:00]} Nc7 {[%emt 0:00:01]} 32. Qf5 {[%emt 0:00:02]} Kc8 {[%emt 0:00:02]} 33. d5 {[%emt 0:00:02]} Kb8 {[%emt 0:00:01]} 34. b3 {[%emt 0:00:01]} a6 {[%emt 0:00:00]} 35. a4 {[%emt 0:00:00]} Qg8 {[%emt 0:00:03]} 36. Qxh5 {[%emt 0:00:01]} Nxe6 {[%emt 0:00:02]} 37. dxe6 {[%emt 0:00:01]} Qxe6 {[%emt 0:00:00]} 38. Qe2 {[%emt 0:00:01]} Qxb3 {[%emt 0:00:01]} 39. a5 {[%emt 0:00:01]} Qb1+ {[%emt 0:00:01]} 40. Kg2 {[%emt 0:00:01]} Qb4 {[%emt 0:00:01]} 41. Ra2 {[%emt 0:00:01]} Qc5 {[%emt 0:00:02]} 42. h4 {[%emt 0:00:01]} Qd5+ {[%emt 0:00:01]} 43. Kg1 {[%emt 0:00:01]} Bc5 {[%emt 0:00:01]} 44. Rd2 {[%emt 0:00:01] Time Time Time (Lag: Av=0.59s, max=0.8s) (Lag: Av=0.59s, max=0.8s) (Lag: Av=0.59s, max=0.8s)} 1-0

[Event "414 Stay Safe Play From Home series"]
[Site "Emanuel Lasker Arena"]
[Date "2020.08.27"]
[Round "3"]
[White "IceQueen"]
[Black "Mepe_Nika"]
[Result "1-0"]
[WhiteElo "2302"]
[BlackElo "2403"]
[PlyCount "113"]
[EventDate "2020.08.27"]
[EventType "swiss (blitz)"]

1. e4 {[%emt 0:00:01]} c6 {[%emt 0:00:01]} 2. Nc3 {[%emt 0:00:00]} d5 {[%emt 0:00:00]} 3. d4 {[%emt 0:00:00]} dxe4 {[%emt 0:00:00]} 4. Nxe4 {[%emt 0:00:00]} Nf6 {[%emt 0:00:00]} 5. Nxf6+ {[%emt 0:00:01]} exf6 {[%emt 0:00:00]} 6. c3 {[%emt 0:00:00]} Bd6 {[%emt 0:00:01]} 7. Bd3 {[%emt 0:00:00]} O-O {[%emt 0:00:00]} 8. Ne2 {[%emt 0:00:00]} Re8 {[%emt 0:00:00]} 9. Qc2 {[%emt 0:00:00]} h5 {[%emt 0:00:00]} 10. O-O {[%emt 0:00:01]} Nd7 {[%emt 0:00:00]} 11. Bd2 {[%emt 0:00:01]} Nf8 {[%emt 0:00:00]} 12. Rae1 {[%emt 0:00:01]} Be6 {[%emt 0:00:03]} 13. c4 {[%emt 0:00:01]} Bc7 {[%emt 0:00:03]} 14. Bf4 {[%emt 0:00:04]} Rc8 {[%emt 0:00:02]} 15. Bxc7 {[%emt 0:00:01]} Qxc7 {[%emt 0:00:00]} 16. g3 {[%emt 0:00:01]} h4 {[%emt 0:00:02]} 17. Nf4 {[%emt 0:00:01]} Rcd8 {[%emt 0:00:01]} 18. Nxe6 {[%emt 0:00:04]} Nxe6 {[%emt 0:00:01]} 19. Bh7+ {[%emt 0:00:02]} Kf8 {[%emt 0:00:01]} 20. Qc3 {[%emt 0:00:03]} hxg3 {[%emt 0:00:07]} 21. hxg3 {[%emt 0:00:01]} g6 {[%emt 0:00:00]} 22. d5 {[%emt 0:00:02]} cxd5 {[%emt 0:00:01]} 23. Qxf6 {[%emt 0:00:01]} Ng7 {[%emt 0:00:06]} 24. Bxg6 {[%emt 0:00:02]} dxc4 {[%emt 0:00:01]} 25. Rxe8+ {[%emt 0:00:04]} Rxe8 {[%emt 0:00:01]} 26. Rd1 {[%emt 0:00:02]} Kg8 {[%emt 0:00:01]} 27. Bc2 {[%emt 0:00:02]} Qe5 {[%emt 0:00:03]} 28. Qh4 {[%emt 0:00:01]} f5 {[%emt 0:00:04]} 29. Qxc4+ {[%emt 0:00:02]} Qe6 {[%emt 0:00:01]} 30. Qc3 {[%emt 0:00:01]} Qe5 {[%emt 0:00:01]} 31. Bb3+ {[%emt 0:00:00]} Kf8 {[%emt 0:00:02]} 32. Qc4 {[%emt 0:00:01]} Ne6 {[%emt 0:00:02]} 33. Rd7 {[%emt 0:00:02]} Re7 {[%emt 0:00:01]} 34. Qc8+ {[%emt 0:00:02]} Re8 {[%emt 0:00:02]} 35. Qxb7 {[%emt 0:00:01]} Qe1+ {[%emt 0:00:01]} 36. Kg2 {[%emt 0:00:00]} Qe4+ {[%emt 0:00:01]} 37. Qxe4 {[%emt 0:00:00]} fxe4 {[%emt 0:00:00]} 38. Rxa7 {[%emt 0:00:00]} Nc5 {[%emt 0:00:01]} 39. Rf7+ {[%emt 0:00:01]} Kg8 {[%emt 0:00:00]} 40. Re7+ {[%emt 0:00:00]} Kf8 {[%emt 0:00:03]} 41. Rxe8+ {[%emt 0:00:00]} Kxe8 {[%emt 0:00:00]} 42. Bc2 {[%emt 0:00:00]} Na4 {[%emt 0:00:01]} 43. Bxa4+ {[%emt 0:00:02]} Ke7 {[%emt 0:00:01]} 44. Bc2 {[%emt 0:00:00]} e3 {[%emt 0:00:00]} 45. fxe3 {[%emt 0:00:01]} Kf6 {[%emt 0:00:01]} 46. g4 {[%emt 0:00:00]} Ke5 {[%emt 0:00:00]} 47. Kg3 {[%emt 0:00:00]} Kf6 {[%emt 0:00:01]} 48. a4 {[%emt 0:00:00]} Kg5 {[%emt 0:00:00]} 49. a5 {[%emt 0:00:00]} Kh6 {[%emt 0:00:00]} 50. a6 {[%emt 0:00:00]} Kg5 {[%emt 0:00:00]} 51. a7 {[%emt 0:00:00]} Kh6 {[%emt 0:00:00]} 52. a8=Q {[%emt 0:00:00]} Kg5 {[%emt 0:00:00]} 53. Qd5+ {[%emt 0:00:01]} Kf6 {[%emt 0:00:00]} 54. Qf5+ {[%emt 0:00:01]} Kg7 {[%emt 0:00:00]} 55. g5 {[%emt 0:00:01]} Kg8 {[%emt 0:00:01]} 56. Qg6+ {[%emt 0:00:01]} Kf8 {[%emt 0:00:01]} 57. Qh7 {[%emt 0:00:01] Time Time Time (Lag: Av=0.48s, max=1.1s) (Lag: Av=0.48s, max=1.1s) (Lag: Av=0.48s, max=1.1s)} 1-0

[Event "414 Stay Safe Play From Home series"]
[Site "Emanuel Lasker Arena"]
[Date "2020.08.27"]
[Round "3"]
[White "Nguyen Hong Anh"]
[Black "Tran Minh Thang"]
[Result "1/2-1/2"]
[WhiteElo "2259"]
[BlackElo "2455"]
[PlyCount "127"]
[EventDate "2020.08.27"]
[EventType "swiss (blitz)"]

1. d4 {[%emt 0:00:02]} Nf6 {[%emt 0:00:01]} 2. c4 {[%emt 0:00:00]} e6 {[%emt 0:00:00]} 3. Nf3 {[%emt 0:00:00]} d5 {[%emt 0:00:01]} 4. g3 {[%emt 0:00:00]} Be7 {[%emt 0:00:01]} 5. Bg2 {[%emt 0:00:00]} O-O {[%emt 0:00:00]} 6. O-O {[%emt 0:00:00]} dxc4 {[%emt 0:00:00]} 7. Ne5 {[%emt 0:00:01]} c5 {[%emt 0:00:02]} 8. dxc5 {[%emt 0:00:01]} Bxc5 {[%emt 0:00:03]} 9. Nxc4 {[%emt 0:00:01]} Nc6 {[%emt 0:00:01]} 10. Nc3 {[%emt 0:00:01]} Qe7 {[%emt 0:00:00]} 11. Bg5 {[%emt 0:00:01]} h6 {[%emt 0:00:03]} 12. Bf4 {[%emt 0:00:01]} Rd8 {[%emt 0:00:01]} 13. Qc2 {[%emt 0:00:01]} Nd5 {[%emt 0:00:01]} 14. Nxd5 {[%emt 0:00:02]} exd5 {[%emt 0:00:00]} 15. Ne3 {[%emt 0:00:00]} g5 {[%emt 0:00:06]} 16. Nxd5 {[%emt 0:00:08]} Rxd5 {[%emt 0:00:01]} 17. Bxd5 {[%emt 0:00:01]} gxf4 {[%emt 0:00:00]} 18. Rac1 {[%emt 0:00:02]} Bd6 {[%emt 0:00:05]} 19. Qg6+ {[%emt 0:00:01]} Kf8 {[%emt 0:00:02]} 20. Qxh6+ {[%emt 0:00:01]} Ke8 {[%emt 0:00:01]} 21. Qh8+ {[%emt 0:00:01]} Kd7 {[%emt 0:00:02]} 22. Rfd1 {[%emt 0:00:01]} Kc7 {[%emt 0:00:01]} 23. Qc3 {[%emt 0:00:02]} Bd7 {[%emt 0:00:01]} 24. a3 {[%emt 0:00:02]} fxg3 {[%emt 0:00:03]} 25. hxg3 {[%emt 0:00:01]} Qxe2 {[%emt 0:00:03]} 26. b4 {[%emt 0:00:01]} a6 {[%emt 0:00:02]} 27. Bf3 {[%emt 0:00:01]} Qe5 {[%emt 0:00:02]} 28. Qd3 {[%emt 0:00:02]} Rd8 {[%emt 0:00:02]} 29. a4 {[%emt 0:00:01]} Bf5 {[%emt 0:00:02]} 30. Qb3 {[%emt 0:00:02]} Kd7 {[%emt 0:00:04]} 31. b5 {[%emt 0:00:01]} axb5 {[%emt 0:00:01]} 32. axb5 {[%emt 0:00:01]} Ne7 {[%emt 0:00:01]} 33. Qxf7 {[%emt 0:00:01]} Be6 {[%emt 0:00:01]} 34. Qg6 {[%emt 0:00:02]} Rg8 {[%emt 0:00:01]} 35. Qd3 {[%emt 0:00:00]} Rxg3+ {[%emt 0:00:00]} 36. fxg3 {[%emt 0:00:01]} Qxg3+ {[%emt 0:00:00]} 37. Bg2 {[%emt 0:00:00]} Qh2+ {[%emt 0:00:01]} 38. Kf1 {[%emt 0:00:00]} Qf4+ {[%emt 0:00:00]} 39. Qf3 {[%emt 0:00:01]} Bc4+ {[%emt 0:00:00]} 40. Kg1 {[%emt 0:00:01]} Qh2+ {[%emt 0:00:01]} 41. Kf2 {[%emt 0:00:00]} Qh4+ {[%emt 0:00:01]} 42. Ke3 {[%emt 0:00:01]} Qg5+ {[%emt 0:00:00]} 43. Kd4 {[%emt 0:00:02]} Bd5 {[%emt 0:00:00]} 44. Qh3+ {[%emt 0:00:02]} Be6 {[%emt 0:00:00]} 45. Bd5 {[%emt 0:00:00]} Qg7+ {[%emt 0:00:00]} 46. Kc4 {[%emt 0:00:02]} Bxh3 {[%emt 0:00:00]} 47. Rg1 {[%emt 0:00:01]} Qe5 {[%emt 0:00:00]} 48. Rce1 {[%emt 0:00:01]} Bg4 {[%emt 0:00:00]} 49. Rxe5 {[%emt 0:00:01]} Bxe5 {[%emt 0:00:00]} 50. Rxg4 {[%emt 0:00:00]} Bd6 {[%emt 0:00:00]} 51. Re4 {[%emt 0:00:00]} Kd8 {[%emt 0:00:00]} 52. Kd4 {[%emt 0:00:00]} Nc8 {[%emt 0:00:00]} 53. Re6 {[%emt 0:00:00]} Bc7 {[%emt 0:00:00]} 54. Rh6 {[%emt 0:00:00]} Bb6+ {[%emt 0:00:00]} 55. Ke4 {[%emt 0:00:01]} Ne7 {[%emt 0:00:00]} 56. Rh8+ {[%emt 0:00:00]} Kd7 {[%emt 0:00:00]} 57. Rh7 {[%emt 0:00:00]} Bc7 {[%emt 0:00:00]} 58. Kd4 {[%emt 0:00:01]} Bd6 {[%emt 0:00:00]} 59. Kc4 {[%emt 0:00:00]} b6 {[%emt 0:00:00]} 60. Kd4 {[%emt 0:00:00]} Bc5+ {[%emt 0:00:00]} 61. Ke4 {[%emt 0:00:00]} Bd6 {[%emt 0:00:00]} 62. Kd4 {[%emt 0:00:00]} Bc7 {[%emt 0:00:00]} 63. Ke4 {[%emt 0:00:00]} Bd6 {[%emt 0:00:00]} 64. Kd4 {[%emt 0:00:00] (Lag: Av=1.36s, max=3.6s) (Lag: Av=1.36s, max=3.6s) (Lag: Av=1.36s, max=3.6s)} 1/2-1/2

[Event "414 Stay Safe Play From Home series"]
[Site "Emanuel Lasker Arena"]
[Date "2020.08.27"]
[Round "3"]
[White "Subkat62"]
[Black "Stefanone"]
[Result "0-1"]
[WhiteElo "2149"]
[BlackElo "2069"]
[Annotator "NA"]
[PlyCount "90"]
[EventDate "2020.08.27"]
[EventType "swiss (blitz)"]

1. d4 {[%emt 0:00:01]} d5 {[%emt 0:00:00]} 2. c4 {[%emt 0:00:02]} c6 {[%emt 0:00:00]} 3. Nc3 {[%emt 0:00:01]} e6 {[%emt 0:00:00]} 4. e4 {[%emt 0:00:01]} f5 {[%emt 0:00:01]} 5. exf5 {[%emt 0:00:01]} exf5 {[%emt 0:00:00]} 6. Nf3 {[%emt 0:00:01]} Nf6 {[%emt 0:00:01]} 7. Bg5 {[%emt 0:00:01]} Be7 {[%emt 0:00:01]} 8. Ne5 {[%emt 0:00:01]} Ne4 {[%emt 0:00:00]} 9. Bxe7 {[%emt 0:00:01]} Qxe7 {[%emt 0:00:00]} 10. cxd5 {[%emt 0:00:01]} O-O {[%emt 0:00:02]} 11. dxc6 {[%emt 0:00:02]} Nxc6 {[%emt 0:00:01]} 12. Nxc6 {[%emt 0:00:01]} bxc6 {[%emt 0:00:00]} 13. Be2 {[%emt 0:00:01]} Be6 {[%emt 0:00:02]} 14. O-O {[%emt 0:00:01]} Rad8 {[%emt 0:00:00]} 15. Nxe4 {[%emt 0:00:02]} fxe4 {[%emt 0:00:01]} 16. Rc1 {[%emt 0:00:01]} Bxa2 {[%emt 0:00:01]} 17. Rxc6 {[%emt 0:00:02]} Bd5 {[%emt 0:00:01]} 18. Rc5 {[%emt 0:00:01]} e3 {[%emt 0:00:03]} 19. f3 {[%emt 0:00:09]} g5 {[%emt 0:00:02]} 20. Qc2 {[%emt 0:00:02]} Rd7 {[%emt 0:00:04]} 21. Rxd5 {[%emt 0:00:01]} Rxd5 {[%emt 0:00:01]} 22. Bc4 {[%emt 0:00:00]} Rfd8 {[%emt 0:00:01]} 23. Qe4 {[%emt 0:00:01]} Qd7 {[%emt 0:00:02]} 24. Qxe3 {[%emt 0:00:02]} Kg7 {[%emt 0:00:02]} 25. Bxd5 {[%emt 0:00:02]} Qxd5 {[%emt 0:00:01]} 26. Rd1 {[%emt 0:00:00]} Kf6 {[%emt 0:00:01]} 27. h3 {[%emt 0:00:01]} h6 {[%emt 0:00:01]} 28. Qe4 {[%emt 0:00:01]} Qb5 {[%emt 0:00:01]} 29. Qc2 {[%emt 0:00:04]} Rd5 {[%emt 0:00:01]} 30. Kh2 {[%emt 0:00:02]} Qb8+ {[%emt 0:00:02]} 31. Kg1 {[%emt 0:00:02]} Qb5 {[%emt 0:00:00]} 32. Rd3 {[%emt 0:00:01]} a5 {[%emt 0:00:00]} 33. Rb3 {[%emt 0:00:01]} Qd7 {[%emt 0:00:02]} 34. Rd3 {[%emt 0:00:02]} Rxd4 {[%emt 0:00:01]} 35. Qc3 {[%emt 0:00:00]} Ke5 {[%emt 0:00:01]} 36. Qxa5+ {[%emt 0:00:01]} Kf6 {[%emt 0:00:02]} 37. Rxd4 {[%emt 0:00:01]} Qxd4+ {[%emt 0:00:01]} 38. Kh2 {[%emt 0:00:02]} Qxb2 {[%emt 0:00:00]} 39. Qa6+ {[%emt 0:00:02]} Kg7 {[%emt 0:00:01]} 40. Qd3 {[%emt 0:00:00]} Qe5+ {[%emt 0:00:01]} 41. Kh1 {[%emt 0:00:00]} Qe1+ {[%emt 0:00:01]} 42. Kh2 {[%emt 0:00:01]} Qe5+ {[%emt 0:00:00]} 43. Kg1 {[%emt 0:00:01]} Qe1+ {[%emt 0:00:00]} 44. Kh2 {[%emt 0:00:00]} Qa5 {[%emt 0:00:00]} 45. g3 {[%emt 0:00:00]} Qc7 {[%emt 0:00:01] TimeW TimeW TimeW} 0-1